Principles and practice of rating valuation (Record no. 121608)

MARC details
000 -LEADER
fixed length control field 00682cam a22002295a 4500
008 - FIXED-LENGTH DATA ELEMENTS--GENERAL INFORMATION
fixed length control field 230717s1960 xxk f 000 0 eng d
041 0# - LANGUAGE CODE
Language code of text/sound track or separate title eng
050 04 - LIBRARY OF CONGRESS CALL NUMBER
Classification number 336.2
082 ## - DEWEY DECIMAL CLASSIFICATION NUMBER
Classification number 336.2
100 1# - MAIN ENTRY--PERSONAL NAME
Personal name Eve, H. Brian
245 00 - TITLE STATEMENT
Title Principles and practice of rating valuation
250 ## - EDITION STATEMENT
Edition statement 2nd
260 ## - PUBLICATION, DISTRIBUTION, ETC.
Place of publication, distribution, etc. London
Name of publisher, distributor, etc. Estates Gazette
Date of publication, distribution, etc. 1960
300 ## - PHYSICAL DESCRIPTION
Extent xix, 329p.
Dimensions 22 cm.
520 ## - SUMMARY, ETC.
Summary, etc. Includes examples of typical valuations. Law is current as at 1 April 1956. Also includes supplement dated 1957.
650 ## - SUBJECT ADDED ENTRY--TOPICAL TERM
Topical term or geographic name entry element RATING VALUATION
651 #4 - SUBJECT ADDED ENTRY--GEOGRAPHIC NAME
Geographic name England and Wales
690 ## - LOCAL SUBJECT ADDED ENTRY--TOPICAL TERM (OCLC, RLIN)
Topical term or geographic name as entry element Valuation
9 (RLIN) 6273
700 1# - ADDED ENTRY--PERSONAL NAME
Personal name White, Philip H.
700 1# - ADDED ENTRY--PERSONAL NAME
Personal name Wilks, Hector M.
942 ## - ADDED ENTRY ELEMENTS (KOHA)
Suppress in OPAC 0
Source of classification or shelving scheme Dewey Decimal Classification
Holdings
Withdrawn status Lost status Source of classification or shelving scheme Damaged status Not for loan Home library Current library Shelving location Date acquired Total Checkouts Full call number Date last seen Price effective from Koha item type
    Dewey Decimal Classification     Archives Archives Basement 17/07/2023   336.2 18/07/2023 18/07/2023 Book